Statistics for World Cup 2014 - France's Squad

Click here to take the quiz!

General Stats

  • This quiz has been taken 244 times
    (221 since last reset)
  • The average score is 13 of 23

Answer Stats

NumberPostPlayerClub% Correct
1GKHugo LlorisTottenham Hotspur
99%
10STKarim BenzemaReal Madrid
92%
19MFPaul PogbaJuventus Turin
87%
9STOlivier GiroudArsenal FC
86%
4DRaphael VaraneReal Madrid
84%
11WAntoine GriezmannReal Sociedad
80%
14MFBlaise MatuidiParis-SG
77%
3DPatrice EvraManchester United
72%
21DLaurent KoscielnyArsenal FC
71%
5DMamadou SakhoLiverpool FC
66%
15DBacary SagnaArsenal FC
60%
16GKStéphane RuffierAS Saint-Etienne
56%
8MFMathieu ValbuenaOlympique de Marseille
54%
18MFMoussa SissokoNewcastle United
51%
6MFYohan CabayeParis-SG
51%
2DMathieu DebuchyNewcastle United
48%
22DEliaquim MangalaFC Porto
40%
12DLucas DigneParis-SG
38%
20STLoïc RémyNewcastle United
35%
24MFRio MavubaLille OSC
25%
23GKMickael LandreauSC Bastia
23%
7LWMorgan SchneiderlinSouthampton
23%
17MFClément GrenierOlympique Lyonnais
11%

Score Distribution

Percentile by Number Answered

Percent of People with Each Score

Your Score History

You have not taken this quiz since the last reset